000 00518nam a2200181Ia 4500
999 _c28942
_d28942
003 OSt
005 20201230154004.0
008 190216s9999||||xx |||||||||||||| ||und||
020 _a9788182642645
040 _coclc
082 _a894.8121
_bKUR/O
100 _aKurup, O N V
_97466
245 0 _aOnappattukar /
_cO N V Kurup
260 _bMathrubhumi Printing & Publishing,
_aKozhikode:
_c2006.
300 _a184p
650 _aKavithkal
942 _cBK
_2ddc
_h894.8121
_iKUR/O
_k894.8121
_mKUR/O